[Event "Memorial des Rois"]
[Site "Gatineau CAN"]
[Date "2005.01.25"]
[Round "4"]
[White "Lacourse, Guy"]
[Black "Dallaire, Dominic"]
[Result "1-0"]
[WhiteElo "1679"]
[BlackElo "1781"]
[PlyCount "81"]
[GameId "2160767911031740"]
[EventDate "2005.01.04"]
[EventType "swiss"]
[EventRounds "5"]
[EventCountry "CAN"]
[SourceTitle "EXT 2006"]
[Source "ChessBase"]
[SourceDate "2005.11.24"]
[SourceVersion "1"]
[SourceVersionDate "2005.11.24"]
[SourceQuality "1"]

1. d4 Nf6 2. Nf3 g6 3. g3 Bg7 4. Bg2 O-O 5. O-O d6 6. b3 Bg4 7. Bb2 Ne4 8. Nfd2 Nxd2 9. Nxd2 d5 10. h3 Bd7 11. c4 c6 12. Kh2 e6 13. f4 f5 14. e3 Be8 15. Ba3 Rf7 16. Nf3 h6 17. h4 Bf6 18. Rh1 Rh7 19. Kg1 Na6 20. Qd2 Nc7 21. Bb4 Bf7 22. a4 g5 23. hxg5 hxg5 24. Rxh7 Kxh7 25. Kf2 g4 26. Rh1+ Kg7 27. Nh2 Na6 28. Bc3 Qb6 29. Rb1 dxc4 30. Ba5 Qxb3 31. Rxb3 cxb3 32. Bc3 Kg6 33. Qd3 Rd8 34. Nxg4 Be7 35. Ne5+ Kg7 36. Bxc6 Nc5 37. dxc5 Rxd3 38. Nxd3+ Kh6 39. Bxb7 Bh5 40. c6 Bd6 41. Be5 1-0

[Event "Memorial des Rois"]
[Site "Gatineau CAN"]
[Date "2005.02.01"]
[Round "5"]
[White "Gagnon, Fabien"]
[Black "Pepin, Christian"]
[Result "1/2-1/2"]
[WhiteElo "2027"]
[BlackElo "2030"]
[PlyCount "84"]
[GameId "2160767911031741"]
[EventDate "2005.01.04"]
[EventType "swiss"]
[EventRounds "5"]
[EventCountry "CAN"]

1. Nf3 g6 2. c4 Bg7 3. d4 Nf6 4. g3 O-O 5. Bg2 d6 6. O-O Nc6 7. Nc3 Bg4 8. h3 Bxf3 9. Bxf3 Nd7 10. e3 e5 11. d5 Ne7 12. Bg2 f5 13. f4 Nf6 14. Qc2 h6 15. Rd1 g5 16. fxe5 Nh5 17. g4 Ng3 18. e6 Ng6 19. Ne2 Nxe2+ 20. Qxe2 Be5 21. gxf5 Rxf5 22. Be4 Rf6 23. Bxg6 Rxg6 24. Qh5 Rf6 25. Bd2 Qe8 26. Qxe8+ Rxe8 27. Rf1 Ref8 28. Rxf6 Rxf6 29. Rf1 Rxf1+ 30. Kxf1 Bxb2 31. Kg2 Kg7 32. Kf3 Bf6 33. Be1 Kg6 34. Bg3 b6 35. Ke4 h5 36. Bh2 Be7 37. Kf3 Bd8 38. e4 Be7 39. Ke3 Bf8 40. Kd3 Be7 41. Kc2 Bf6 42. Kd3 Be7 1/2-1/2

[Event "Memorial des Rois"]
[Site "Gatineau CAN"]
[Date "2005.02.01"]
[Round "5"]
[White "Mai, Lloyd"]
[Black "Brousseau, Yvan"]
[Result "0-1"]
[WhiteElo "1872"]
[BlackElo "2049"]
[PlyCount "80"]
[GameId "2160767911031742"]
[EventDate "2005.01.04"]
[EventType "swiss"]
[EventRounds "5"]
[EventCountry "CAN"]

1. e4 d5 2. exd5 Qxd5 3. Nc3 Qd6 4. g3 c6 5. Bg2 Nf6 6. Nf3 Bg4 7. O-O e6 8. d3 Be7 9. h3 Bh5 10. Bf4 Qb4 11. Qd2 Nbd7 12. a3 Qb6 13. Ne5 Nxe5 14. Bxe5 O-O 15. Kh1 Bg6 16. b3 Nd7 17. Na4 Qd8 18. Bb2 Bf6 19. f4 Qe7 20. g4 h6 21. f5 exf5 22. gxf5 Bxb2 23. Nxb2 Bh7 24. Nc4 Nf6 25. Rae1 Qd7 26. Ne5 Qd6 27. Ng4 Nh5 28. f6 Ng3+ 29. Kg1 Nxf1 30. Rxf1 Qc5+ 31. Kh1 Qg5 32. Qc3 Rfe8 33. fxg7 Qxg7 34. Nf6+ Kh8 35. Qb4 Re2 36. Bf3 Rxc2 37. Qd4 Rg8 38. Bg4 h5 39. Bf3 Rh2+ 40. Kxh2 Qg3+ 0-1

[Event "Memorial des Rois"]
[Site "Gatineau CAN"]
[Date "2005.02.01"]
[Round "5"]
[White "Szalay, Karoly"]
[Black "Lacourse, Guy"]
[Result "1-0"]
[WhiteElo "1578"]
[BlackElo "1679"]
[PlyCount "89"]
[GameId "2160767911031743"]
[EventDate "2005.01.04"]
[EventType "swiss"]
[EventRounds "5"]
[EventCountry "CAN"]
[SourceTitle "EXT 2006"]
[Source "ChessBase"]
[SourceDate "2005.11.24"]
[SourceVersion "1"]
[SourceVersionDate "2005.11.24"]
[SourceQuality "1"]

1. e4 c5 2. Nf3 d6 3. d4 cxd4 4. Nxd4 Nf6 5. Nc3 a6 6. Be3 e6 7. f3 b5 8. a4 b4 9. Na2 e5 10. Nb3 Nc6 11. Qd2 a5 12. Bb5 Bd7 13. Rd1 Qc7 14. Qf2 Be7 15. O-O O-O 16. Nac1 Na7 17. Bb6 Qb8 18. Bxd7 Nxd7 19. Be3 Nc6 20. Ne2 f5 21. exf5 Rxf5 22. Ng3 Bh4 23. Rd2 Nf6 24. Qe1 Nh5 25. Bf2 Nxg3 26. Bxg3 Qb6+ 27. Bf2 Bxf2+ 28. Qxf2 Qxf2+ 29. Kxf2 Rd8 30. Rfd1 Rf6 31. Nc5 Kf7 32. Ne4 Rg6 33. Nxd6+ Kf8 34. Nc4 Rxd2+ 35. Rxd2 Re6 36. Ke3 Nd4 37. b3 Ke7 38. Nxa5 Nc6 39. Nxc6+ Rxc6 40. Ke4 Rc5 41. g4 Ke6 42. h4 Rc8 43. Rd5 Rxc2 44. Rxe5+ Kf6 45. Rb5 1-0

[Event "Montcalm I 2005-06"]
[Site "Quebec CAN"]
[Date "2005.01.07"]
[Round "1"]
[White "Bolduc, Steve"]
[Black "Ouellet, Michel"]
[Result "1-0"]
[WhiteElo "2256"]
[BlackElo "1844"]
[PlyCount "63"]
[GameId "2160767910900248"]
[EventDate "2005.09.08"]
[EventType "swiss"]
[EventRounds "5"]
[EventCountry "CAN"]
[SourceTitle "EXT 2006"]
[Source "ChessBase"]
[SourceDate "2005.11.24"]
[SourceVersion "1"]
[SourceVersionDate "2005.11.24"]
[SourceQuality "1"]

1. d4 Nf6 2. c4 e6 3. Nc3 c5 4. d5 exd5 5. cxd5 d6 6. Nf3 g6 7. Qa4+ Nbd7 8. Bf4 a6 9. e4 Rb8 10. e5 b5 11. Qc2 dxe5 12. Nxe5 Nxe5 13. Bxe5 Bd6 14. Bxf6 Qxf6 15. Be2 O-O 16. Ne4 Qe7 17. O-O Bb7 18. Rad1 Rfd8 19. Bf3 Qe5 20. g3 c4 21. Bg2 Bb4 22. a3 Ba5 23. f4 Qg7 24. f5 g5 25. b4 Bb6+ 26. Nc5 Ba7 27. Kh1 Rd6 28. f6 Qh6 29. Qf5 Bc8 30. Qe5 Qf8 31. Qxg5+ Kh8 32. Rd4 1-0

[Event "Montcalm I 2005-06"]
[Site "Quebec CAN"]
[Date "2005.01.07"]
[Round "1"]
[White "Boutin, Jean-Roger"]
[Black "Guay, Etienne"]
[Result "1-0"]
[WhiteElo "1587"]
[BlackElo "1334"]
[PlyCount "61"]
[GameId "2160767910900249"]
[EventDate "2005.09.08"]
[EventType "swiss"]
[EventRounds "5"]
[EventCountry "CAN"]
[SourceTitle "EXT 2006"]
[Source "ChessBase"]
[SourceDate "2005.11.24"]
[SourceVersion "1"]
[SourceVersionDate "2005.11.24"]
[SourceQuality "1"]

1. Nf3 d5 2. d4 Nf6 3. h3 e6 4. Bf4 Nbd7 5. e3 Bd6 6. Ne5 Qe7 7. Bd3 c5 8. c3 O-O 9. O-O Ne8 10. Qc2 f5 11. Nd2 Nef6 12. Ndf3 Ne4 13. b3 Ndf6 14. c4 Bd7 15. dxc5 Nxc5 16. cxd5 Nxd5 17. Bg5 Qe8 18. Bc4 Nb4 19. Qd1 Bxe5 20. Nxe5 Bb5 21. Bxb5 Qxb5 22. Qd6 Ne4 23. Qxe6+ Kh8 24. Bf4 Rae8 25. Nf7+ Rxf7 26. Qxf7 Nd3 27. Rad1 Nxf4 28. exf4 Nc3 29. Rd7 Ne2+ 30. Kh2 Rg8 31. Rfd1 1-0

[Event "Montcalm I 2005-06"]
[Site "Quebec CAN"]
[Date "2005.01.07"]
[Round "1"]
[White "Sauvageau, Marcel"]
[Black "Caron, Sebastien"]
[Result "1/2-1/2"]
[WhiteElo "1846"]
[BlackElo "1844"]
[PlyCount "120"]
[GameId "2160767910900250"]
[EventDate "2005.09.08"]
[EventType "swiss"]
[EventRounds "5"]
[EventCountry "CAN"]
[SourceTitle "EXT 2006"]
[Source "ChessBase"]
[SourceDate "2005.11.24"]
[SourceVersion "1"]
[SourceVersionDate "2005.11.24"]
[SourceQuality "1"]

1. d4 Nf6 2. Nf3 d6 3. Nbd2 g6 4. e4 Bg7 5. Be2 O-O 6. O-O Nbd7 7. Re1 a6 8. c3 c5 9. Bc4 b5 10. Bb3 Qb6 11. e5 dxe5 12. dxe5 Ng4 13. Bd5 Bb7 14. Bxb7 Qxb7 15. e6 Nde5 16. Nxe5 Nxe5 17. Ne4 c4 18. Nc5 Qc7 19. Be3 f5 20. h3 Rfd8 21. Qe2 Nd3 22. Nd7 Rxd7 23. exd7 Nxe1 24. Rxe1 Qxd7 25. Bg5 e5 26. Rd1 Qc6 27. Qd2 f4 28. f3 h6 29. Bh4 g5 30. Bf2 h5 31. Qd6 Qxd6 32. Rxd6 Kf7 33. Kf1 Bf8 34. Rd7+ Kg6 35. Rb7 Rd8 36. Ke2 Rd6 37. Rb8 Rf6 38. a3 Kf5 39. Re8 Bh6 40. g4+ fxg3 41. Bxg3 Re6 42. Rd8 g4 43. fxg4+ hxg4 44. hxg4+ Kxg4 45. Rg8+ Kf5 46. Kf3 Bc1 47. Rf8+ Rf6 48. Re8 Re6 49. Rf8+ Kg6 50. Ke4 Bxb2 51. Kd5 Rf6 52. Rxf6+ Kxf6 53. Bxe5+ Kf5 54. Bd4 Bxa3 55. Kc6 Ke4 56. Kb6 b4 57. Bc5 b3 58. Bxa3 Kd3 59. Kxa6 Kxc3 60. Kb5 Kd3 1/2-1/2

[Event "Montcalm I 2005-06"]
[Site "Quebec CAN"]
[Date "2005.09.08"]
[Round "1"]
[White "Audet-Bouchard, Nicolas"]
[Black "Crepault, Francois"]
[Result "1-0"]
[WhiteElo "2209"]
[BlackElo "1568"]
[PlyCount "95"]
[GameId "2160767910900251"]
[EventDate "2005.09.08"]
[EventType "swiss"]
[EventRounds "5"]
[EventCountry "CAN"]

1. e4 d5 2. exd5 Nf6 3. d4 Bg4 4. Bb5+ Nbd7 5. Be2 Bxe2 6. Qxe2 Nxd5 7. Nf3 e6 8. O-O Be7 9. Re1 c6 10. c4 N5b6 11. Nc3 Nf6 12. Bg5 O-O 13. Rad1 Qc7 14. Ne5 Rad8 15. Qf3 Ne8 16. Bf4 Qc8 17. b3 Nf6 18. Bc1 c5 19. d5 exd5 20. cxd5 Bd6 21. Nc4 Nxc4 22. bxc4 Qg4 23. Qxg4 Nxg4 24. f4 Nf6 25. g3 a6 26. a4 Rfe8 27. Bd2 Kf8 28. h3 Rxe1+ 29. Rxe1 Re8 30. Kf2 Rxe1 31. Bxe1 Bc7 32. Ke3 Ba5 33. Kd3 Ke7 34. g4 Nd7 35. Bf2 Bxc3 36. Kxc3 a5 37. Bh4+ f6 38. Be1 g6 39. Kd3 b6 40. Ke4 h6 41. Bg3 Kf7 42. d6 b5 43. cxb5 Nb6 44. f5 gxf5+ 45. gxf5 Nc4 46. Kd5 Ne3+ 47. Kc6 Nxf5 48. d7 1-0

[Event "Montcalm I 2005-06"]
[Site "Quebec CAN"]
[Date "2005.09.08"]
[Round "1"]
[White "Bender, Karl"]
[Black "Gaspariants, Vladimir"]
[Result "0-1"]
[WhiteElo "1551"]
[BlackElo "2307"]
[PlyCount "76"]
[GameId "2160767910900252"]
[EventDate "2005.09.08"]
[EventType "swiss"]
[EventRounds "5"]
[EventCountry "CAN"]

1. d4 Nf6 2. Nf3 g6 3. Nc3 d5 4. e3 Bg7 5. Bd3 c5 6. dxc5 Nbd7 7. Na4 e5 8. Bb5 O-O 9. b4 e4 10. Nd4 Ne5 11. h3 Nh5 12. Bb2 Qg5 13. Bf1 Nc4 14. Qe2 b5 15. cxb6 axb6 16. Nxb6 Nxb6 17. a3 Nc4 18. c3 Bd7 19. g4 Nf6 20. b5 h5 21. gxh5 Qxh5 22. Qxh5 Nxh5 23. Bxc4 dxc4 24. a4 Ra5 25. Kd2 Rfa8 26. Kc2 Be5 27. f4 exf3 28. Nxf3 Bf5+ 29. Kd2 Bc7 30. Nd4 Be4 31. Rhc1 Nf6 32. Rf1 Kg7 33. Ra2 Rh8 34. Ba3 Rxh3 35. Bb4 Rh2+ 36. Ne2 Ra8 37. Bc5 Bg2 38. Rf2 Ne4+ 0-1

[Event "Montcalm I 2005-06"]
[Site "Quebec CAN"]
[Date "2005.09.08"]
[Round "1"]
[White "Bourassa, Andre"]
[Black "Canuel, Frederic"]
[Result "1-0"]
[WhiteElo "1641"]
[BlackElo "1056"]
[PlyCount "117"]
[GameId "2160767910900253"]
[EventDate "2005.09.08"]
[EventType "swiss"]
[EventRounds "5"]
[EventCountry "CAN"]

1. d4 d5 2. c4 c6 3. Nf3 Nf6 4. Nc3 Nbd7 5. e3 Qc7 6. Qc2 e5 7. cxd5 cxd5 8. dxe5 Nxe5 9. Nxe5 Qxe5 10. Qa4+ Bd7 11. Bb5 Qd6 12. Bd2 a6 13. Bxd7+ Qxd7 14. Qxd7+ Kxd7 15. Na4 Re8 16. Rc1 d4 17. Nb6+ Kd6 18. Bb4+ Ke5 19. Bxf8 Rhxf8 20. O-O dxe3 21. fxe3 Re6 22. Rxf6 Kxf6 23. Nd7+ Ke7 24. Nxf8 Kxf8 25. Kf2 f5 26. Rc5 g6 27. Kf3 Ke7 28. Rc7+ Kf6 29. Rxb7 h5 30. Rb4 Ke5 31. g3 Rd6 32. h3 g5 33. Ra4 g4+ 34. hxg4 hxg4+ 35. Ke2 Rc6 36. Kd3 Rd6+ 37. Rd4 a5 38. Rxd6 Kxd6 39. Kd4 a4 40. b3 axb3 41. axb3 Ke6 42. e4 f4 43. gxf4 g3 44. Ke3 Kd6 45. b4 Kc6 46. e5 g2 47. Kf2 Kd5 48. b5 Ke4 49. e6 Kxf4 50. e7 g1=Q+ 51. Kxg1 Ke5 52. e8=Q+ Kd5 53. Qc6+ Kd4 54. b6 Ke5 55. b7 Kd4 56. b8=Q Kd3 57. Qe5 Kd2 58. Qcc3+ Kd1 59. Qee1# 1-0

[Event "Montcalm I 2005-06"]
[Site "Quebec CAN"]
[Date "2005.09.08"]
[Round "1"]
[White "Guay, Etienne"]
[Black "Auger, Bertrand"]
[Result "1/2-1/2"]
[WhiteElo "1526"]
[BlackElo "2016"]
[PlyCount "130"]
[GameId "2160767910900254"]
[EventDate "2005.09.08"]
[EventType "swiss"]
[EventRounds "5"]
[EventCountry "CAN"]

1. e4 e6 2. d4 d5 3. Nc3 Bb4 4. e5 Ne7 5. a3 Bxc3+ 6. bxc3 c5 7. a4 Qa5 8. Bb5+ Bd7 9. Bxd7+ Nxd7 10. Bd2 c4 11. Qg4 O-O 12. Ne2 f5 13. exf6 Rxf6 14. O-O Rg6 15. Qh3 Nf8 16. Rfb1 Qc7 17. Bf4 Qd7 18. a5 Re8 19. Ra2 Nc6 20. Bg3 e5 21. Qxd7 Nxd7 22. Rxb7 exd4 23. Rxd7 Rxe2 24. Ra1 d3 25. cxd3 cxd3 26. Kf1 Rge6 27. Rxd5 d2 28. f3 Ne7 29. Rd8+ Kf7 30. Rd1 Nc6 31. Rd7+ Kf8 32. a6 R2e3 33. R7xd2 Rxc3 34. Bd6+ Kf7 35. Rb2 h5 36. Rb7+ Kg8 37. Bb8 Rc2 38. Re1 Rg6 39. Bg3 Ra2 40. Re8+ Kh7 41. Rb5 Ra1+ 42. Re1 Rxe1+ 43. Bxe1 Re6 44. Rxh5+ Kg6 45. Rd5 Nb8 46. Bg3 Nxa6 47. Rd6 Kf5 48. Rxe6 Kxe6 49. Bf2 Nc7 50. Bxa7 Nd5 51. Bd4 g6 52. Kf2 Ne7 53. g4 Nd5 54. h4 Ne7 55. Kg3 Nd5 56. Bc5 Kf6 57. f4 Nc7 58. Kf3 Ne6 59. Bb4 Nd4+ 60. Ke4 Nc6 61. Bc3+ Ke6 62. Be5 Ne7 63. h5 gxh5 64. gxh5 Nf5 65. Bg7 Ng3+ 1/2-1/2

[Event "Montcalm I 2005-06"]
[Site "Quebec CAN"]
[Date "2005.09.08"]
[Round "1"]
[White "Leclerc, Jean-Francois"]
[Black "Marquardt, Christian"]
[Result "0-1"]
[WhiteElo "1557"]
[BlackElo "2071"]
[PlyCount "84"]
[GameId "2160767910900255"]
[EventDate "2005.09.08"]
[EventType "swiss"]
[EventRounds "5"]
[EventCountry "CAN"]

1. e4 c6 2. d4 d5 3. Nc3 dxe4 4. Nxe4 Nf6 5. Nxf6+ gxf6 6. c4 Bf5 7. Bf4 e6 8. a3 Bd6 9. Bxd6 Qxd6 10. Nf3 Be4 11. Be2 Rg8 12. Qb3 b6 13. Qe3 Bg6 14. O-O-O Nd7 15. d5 cxd5 16. Rxd5 Qe7 17. Rd2 Rc8 18. Rhd1 Rc7 19. Nh4 Ne5 20. Nxg6 Rxg6 21. Qe4 Kf8 22. Kb1 Nc6 23. h4 f5 24. Qf4 e5 25. Qxf5 Qxh4 26. Rd7 Rxd7 27. Qxd7 Kg7 28. Qe8 Re6 29. Qd7 Nd4 30. Bd3 Re7 31. Qd5 Qxf2 32. Rh1 h6 33. Qe4 f5 34. Qh4 Qxh4 35. Rxh4 e4 36. Kc1 Kg6 37. Rh1 exd3 38. Kd2 f4 39. Kxd3 Nc6 40. Rf1 Re3+ 41. Kd2 Kg5 42. g3 Rxg3 0-1

[Event "Montcalm I 2005-06"]
[Site "Quebec CAN"]
[Date "2005.09.08"]
[Round "1"]
[White "Lessard, Claude"]
[Black "Marois, Remi"]
[Result "1-0"]
[WhiteElo "2025"]
[BlackElo "1522"]
[PlyCount "55"]
[GameId "2160767910900256"]
[EventDate "2005.09.08"]
[EventType "swiss"]
[EventRounds "5"]
[EventCountry "CAN"]

1. d4 Nf6 2. Nf3 g6 3. c4 Bg7 4. Nc3 d5 5. e3 O-O 6. Be2 dxc4 7. Bxc4 c5 8. O-O Qc7 9. Qe2 Bg4 10. d5 Nbd7 11. h3 Bxf3 12. Qxf3 Ne5 13. Qe2 Nxc4 14. Qxc4 a6 15. a4 Ne8 16. e4 Nd6 17. Qe2 b5 18. axb5 Bxc3 19. bxc3 axb5 20. Bh6 Rfd8 21. Rfd1 Ra4 22. Rxa4 bxa4 23. Bf4 Qa5 24. e5 Nb5 25. e6 f6 26. d6 Nxc3 27. Qe1 Qb4 28. dxe7 1-0

[Event "Montcalm I 2005-06"]
[Site "Quebec CAN"]
[Date "2005.09.08"]
[Round "1"]
[White "Michaud, Jacques"]
[Black "Bonneau, Daniel"]
[Result "0-1"]
[WhiteElo "1467"]
[BlackElo "1927"]
[PlyCount "60"]
[GameId "2160767910900257"]
[EventDate "2005.09.08"]
[EventType "swiss"]
[EventRounds "5"]
[EventCountry "CAN"]

1. c4 Nf6 2. Nf3 g6 3. b3 Bg7 4. Bb2 O-O 5. g3 d6 6. Bg2 e5 7. d3 Nc6 8. O-O h6 9. Nbd2 Be6 10. Qc2 Qd7 11. Rfd1 Nh5 12. d4 exd4 13. Nf1 Bf5 14. Qd2 Rae8 15. Nxd4 Nxd4 16. Bxd4 Bxd4 17. Qxd4 Rxe2 18. Ne3 Re8 19. Bf3 R2xe3 20. fxe3 Ng7 21. e4 Ne6 22. Qc3 Bh3 23. e5 Ng5 24. exd6 Nxf3+ 25. Qxf3 Bg4 26. Qxb7 Bxd1 27. Rxd1 Re2 28. Qd5 Qh3 29. Qh1 Qf5 30. Rf1 Qc5+ 0-1

[Event "Montcalm I 2005-06"]
[Site "Quebec CAN"]
[Date "2005.09.08"]
[Round "1"]
[White "Valley, Michel"]
[Black "Beauchemin, Pierre"]
[Result "1-0"]
[WhiteElo "2032"]
[BlackElo "1597"]
[PlyCount "55"]
[GameId "2160767910900258"]
[EventDate "2005.09.08"]
[EventType "swiss"]
[EventRounds "5"]
[EventCountry "CAN"]

1. d4 Nf6 2. c4 g6 3. Nc3 Bg7 4. e4 d6 5. Be2 Nbd7 6. Bg5 c6 7. Qd2 Qb6 8. O-O-O e5 9. dxe5 dxe5 10. Be3 Qc7 11. h4 h5 12. f4 Ng4 13. Bxg4 hxg4 14. Nge2 exf4 15. Nxf4 Ne5 16. b3 Bd7 17. Nfd5 cxd5 18. Nxd5 Qc6 19. Bg5 f6 20. Qb4 Kf7 21. Qe7+ Kg8 22. Bxf6 Rh7 23. Qxe5 Re8 24. Qd4 Re6 25. Bxg7 Rxg7 26. e5 Be8 27. Nf6+ Kh8 28. Qf4 1-0

[Event "Montcalm I 2005-06"]
[Site "Quebec CAN"]
[Date "2005.01.08"]
[Round "2"]
[White "Carrier, Claude"]
[Black "Audet-Bouchard, Nicolas"]
[Result "1-0"]
[WhiteElo "1952"]
[BlackElo "2124"]
[PlyCount "69"]
[GameId "2160767910900259"]
[EventDate "2005.09.08"]
[EventType "swiss"]
[EventRounds "5"]
[EventCountry "CAN"]
[SourceTitle "EXT 2006"]
[Source "ChessBase"]
[SourceDate "2005.11.24"]
[SourceVersion "1"]
[SourceVersionDate "2005.11.24"]
[SourceQuality "1"]

1. e4 e6 2. Nc3 d5 3. d4 dxe4 4. Nxe4 Bd7 5. Nf3 Bc6 6. Bd3 Nd7 7. Bf4 Ngf6 8. Nxf6+ Nxf6 9. O-O Bxf3 10. Qxf3 c6 11. Be5 Be7 12. Qh3 g6 13. f4 O-O 14. f5 exf5 15. Bxf5 Nh5 16. Bg4 Ng7 17. Qb3 Qb6 18. Qxb6 axb6 19. Rae1 f6 20. Bg3 Kf7 21. Be2 b5 22. a3 Nf5 23. Rxf5 Bxa3 24. bxa3 gxf5 25. Bh5+ Kg8 26. Bd6 Rfd8 27. Bc5 Rd7 28. Kf2 Kg7 29. Be8 Rd5 30. Re7+ Kf8 31. Rxh7+ Rxc5 32. dxc5 Rxa3 33. Bg6 Rc3 34. Bxf5 Rxc5 35. Bd3 1-0

[Event "Montcalm I 2005-06"]
[Site "Quebec CAN"]
[Date "2005.01.08"]
[Round "2"]
[White "L'Heureux, Clement"]
[Black "Tremblay, Rejean"]
[Result "0-1"]
[WhiteElo "1999"]
[BlackElo "2164"]
[PlyCount "114"]
[GameId "2160767910900260"]
[EventDate "2005.09.08"]
[EventType "swiss"]
[EventRounds "5"]
[EventCountry "CAN"]
[SourceTitle "EXT 2006"]
[Source "ChessBase"]
[SourceDate "2005.11.24"]
[SourceVersion "1"]
[SourceVersionDate "2005.11.24"]
[SourceQuality "1"]

1. d4 Nf6 2. c4 g6 3. f3 Bg7 4. Nc3 O-O 5. e4 d6 6. Be3 Nbd7 7. Qd2 c5 8. Nge2 a6 9. Nc1 cxd4 10. Bxd4 Ne5 11. Bxe5 dxe5 12. Qxd8 Rxd8 13. Nd3 Rd4 14. Nc5 e6 15. Rd1 Bf8 16. Nb3 Rxd1+ 17. Nxd1 Nd7 18. Ne3 Kg7 19. Bd3 Nc5 20. Bc2 Na4 21. Nd1 Bd7 22. Nc1 Nb6 23. b3 Bc6 24. Nd3 Nd7 25. Ne3 a5 26. Ke2 f6 27. Rd1 Nc5 28. a4 Nxd3 29. Bxd3 Bc5 30. Rc1 Kf7 31. Rc2 f5 32. g3 Rd8 33. h3 Rd4 34. Nd5 b6 35. Nc3 Bb4 36. Ke3 Bc5 37. Ke2 Bb4 38. Ke3 Bc5 39. Ke2 Kf6 40. Rc1 Bb4 41. Nb5 Rd7 42. Rd1 Bc5 43. Bc2 Rxd1 44. Kxd1 Bf2 45. g4 Kg5 46. Ke2 Bc5 47. Nc7 Bd7 48. Kf1 Kf4 49. gxf5 gxf5 50. exf5 exf5 51. Kg2 Ke3 52. Nd5+ Kd2 53. Bb1 h6 54. Nf6 Be6 55. Ne8 f4 56. Ng7 Bf7 57. Be4 Kc3 0-1

[Event "Montcalm I 2005-06"]
[Site "Quebec CAN"]
[Date "2005.09.15"]
[Round "2"]
[White "Bourassa, Andre"]
[Black "Lessard, Claude"]
[Result "0-1"]
[WhiteElo "1641"]
[BlackElo "2025"]
[PlyCount "95"]
[GameId "2160767910900261"]
[EventDate "2005.09.08"]
[EventType "swiss"]
[EventRounds "5"]
[EventCountry "CAN"]

1. d4 Nf6 2. c4 c5 3. d5 b5 4. cxb5 a6 5. b6 g6 6. Qb3 Bb7 7. Nc3 d6 8. e4 Nbd7 9. Bf4 Bg7 10. Nf3 O-O 11. Nd2 Nxb6 12. Nc4 Nxc4 13. Bxc4 Rb8 14. Qc2 Bc8 15. O-O Qa5 16. Rab1 Bd7 17. a4 Ng4 18. Rfe1 Rxb2 19. Rxb2 Bxc3 20. Bd2 Bb4 21. Bxb4 cxb4 22. Bb3 Rc8 23. Qb1 Rc3 24. Qa2 Qc5 25. h3 Ne5 26. Rc2 f5 27. exf5 Bxf5 28. Rxc3 Qxc3 29. Re3 Qc1+ 30. Kh2 Kf8 31. Qe2 a5 32. g4 Bb1 33. Kg2 g5 34. Rxe5 dxe5 35. Qxe5 Qc3 36. Qe3 Bd3 37. Bd1 Qc4 38. Qxg5 Be4+ 39. f3 Bg6 40. Qe3 Qxd5 41. Bb3 Qd6 42. h4 Bf7 43. Bc2 h6 44. Qe4 e5 45. Qa8+ Kg7 46. Be4 Qd2+ 47. Kg3 b3 48. Qxa5 0-1

[Event "Montcalm I 2005-06"]
[Site "Quebec CAN"]
[Date "2005.09.15"]
[Round "2"]
[White "Bourassa, Real"]
[Black "Lapierre, Gaetan"]
[Result "0-1"]
[WhiteElo "1604"]
[BlackElo "1885"]
[PlyCount "94"]
[GameId "2160767910900262"]
[EventDate "2005.09.08"]
[EventType "swiss"]
[EventRounds "5"]
[EventCountry "CAN"]

1. e4 d6 2. d4 Nf6 3. Bd3 g6 4. c4 Bg7 5. f3 Nc6 6. Be3 e5 7. d5 Nd4 8. Nc3 c5 9. Nge2 O-O 10. Qd2 Ne8 11. O-O-O a6 12. h4 b5 13. Bh6 b4 14. Bxg7 bxc3 15. Qxc3 Nxe2+ 16. Bxe2 Nxg7 17. g4 f5 18. h5 fxe4 19. hxg6 Qg5+ 20. Kb1 Qxg6 21. fxe4 Ra7 22. Qe3 Rf4 23. Qa3 Bxg4 24. Rdg1 h5 25. Qb3 Raf7 26. Bxg4 Qxe4+ 27. Ka1 hxg4 28. a3 Nf5 29. Qb8+ Rf8 30. Qc7 Nd4 31. Ka2 R8f7 32. Qxd6 Nf3 33. Rc1 R4f6 34. Qxc5 g3 35. Qc8+ Rf8 36. Qh3 Qg6 37. Qg2 Rf4 38. Rc3 e4 39. Rh3 Rg4 40. Rb3 Rf7 41. Rb8+ Rf8 42. Rb3 Qg7 43. c5 Ne1 44. Qg1 g2 45. d6 Nf3 46. Qd1 g1=Q 47. Qd5+ Qf7 0-1

[Event "Montcalm I 2005-06"]
[Site "Quebec CAN"]
[Date "2005.09.15"]
[Round "2"]
[White "Dumont, Eric"]
[Black "Valley, Michel"]
[Result "0-1"]
[WhiteElo "1668"]
[BlackElo "2032"]
[PlyCount "62"]
[GameId "2160767910900263"]
[EventDate "2005.09.08"]
[EventType "swiss"]
[EventRounds "5"]
[EventCountry "CAN"]

1. f4 d5 2. Nf3 Nf6 3. e3 Bg4 4. b3 Nbd7 5. Bb2 e6 6. Be2 Bd6 7. Nc3 c6 8. O-O Qc7 9. Qe1 O-O-O 10. Nd1 Bxf3 11. Bxf3 e5 12. c4 dxc4 13. bxc4 exf4 14. e4 Ne5 15. Rc1 Nd3 16. Qe2 Nxc1 17. Bxc1 Be5 18. Kh1 Rd7 19. Nb2 Rhd8 20. d3 h5 21. Qc2 g5 22. c5 g4 23. Be2 f3 24. gxf3 gxf3 25. Bxf3 Ng4 26. h3 Nh2 27. Rf2 Nxf3 28. Rxf3 Qa5 29. Qf2 Bxb2 30. Bxb2 Qxa2 31. Rg3 Rxd3 0-1

[Event "Montcalm I 2005-06"]
[Site "Quebec CAN"]
[Date "2005.09.15"]
[Round "2"]
[White "Gaspariants, Vladimir"]
[Black "Filiatrault, Alexandre"]
[Result "1/2-1/2"]
[WhiteElo "2307"]
[BlackElo "1815"]
[PlyCount "92"]
[GameId "2160767910900264"]
[EventDate "2005.09.08"]
[EventType "swiss"]
[EventRounds "5"]
[EventCountry "CAN"]

1. d4 Nf6 2. Nf3 g6 3. g3 Bg7 4. Bg2 c5 5. d5 d6 6. O-O O-O 7. Nc3 a6 8. a4 e5 9. dxe6 fxe6 10. e4 Nc6 11. Re1 e5 12. Nd5 Nd4 13. c3 Nxd5 14. cxd4 Nb4 15. Qb3+ Kh8 16. Bg5 Rxf3 17. Bxf3 Qxg5 18. dxc5 dxc5 19. Rac1 Qe7 20. Qe3 Bf8 21. Red1 Be6 22. Be2 Nc6 23. Bc4 Bxc4 24. Rxc4 Nd4 25. Kg2 a5 26. h4 h5 27. Rc3 Kh7 28. Qd3 Qd7 29. Qc4 b6 30. Rb3 Rb8 31. Rf3 Kg7 32. Re3 Re8 33. Rf1 Qe6 34. Qxe6 Rxe6 35. f4 exf4 36. gxf4 Be7 37. e5 Bxh4 38. Rh3 Be7 39. Kf2 Bd8 40. Ke3 Re8 41. Ke4 Be7 42. Rg3 Kf7 43. Rg2 Rg8 44. Rfg1 Nf5 45. Rd2 Nd4 46. Rdg2 Nf5 1/2-1/2

[Event "Montcalm I 2005-06"]
[Site "Quebec CAN"]
[Date "2005.09.15"]
[Round "2"]
[White "Marquardt, Christian"]
[Black "Cummins, Paul"]
[Result "1-0"]
[WhiteElo "2071"]
[BlackElo "1739"]
[PlyCount "61"]
[GameId "2160767910900265"]
[EventDate "2005.09.08"]
[EventType "swiss"]
[EventRounds "5"]
[EventCountry "CAN"]

1. Nc3 e5 2. Nf3 Nc6 3. d4 exd4 4. Nxd4 Qf6 5. Ndb5 Bc5 6. Ne4 Bxf2+ 7. Nxf2 Qd8 8. Bf4 d6 9. e3 Nge7 10. Be2 Ng6 11. O-O O-O 12. Qd2 a6 13. Nd4 Nxf4 14. exf4 Re8 15. Nxc6 bxc6 16. Bf3 d5 17. Nd3 Rb8 18. Rae1 Bf5 19. Rxe8+ Qxe8 20. Re1 Qf8 21. Qc3 Qd6 22. g3 f6 23. b3 Bg6 24. Re2 Re8 25. Rxe8+ Bxe8 26. Qc5 Qe6 27. Qf2 Qd6 28. Nc5 d4 29. b4 Bf7 30. a3 Bc4 31. Be2 1-0